Kiwi /

Guardat en:
Dades bibliogràfiques
Autor principal: Posadas, Carmen
Altres autors: Cimmino, Mirta (Traductor), Manfredi, Alessandra
Format: Llibre
Idioma:italià
Publicat: Modena : Logos, 2018
Col·lecció:La biblioteca della Ciopi
Etiquetes: Afegir etiqueta
Sense etiquetes, Sigues el primer a etiquetar aquest registre!

MARC

LEADER 00000nam a22000007i 4500
001 IT\ICCU\MOD\1687017
003 ItRI
005 20260115232115.0
008 180926s2018 it |||||| ||||| |||||c
020 |a 9788857609836 
040 |b ita  |c importazione bologna sebina 
041 7 |a ita  |2 ISO-639-2 
100 1 |a Posadas, Carmen  |0 IT\ICCU\UBOV\109960 
240 1 0 |a Kiwi  |3 IT\ICCU\MOD\1687018  |9 Posadas, Carmen 
245 1 0 |a Kiwi /  |c [testo] Carmen Posadas, [illustrazioni] Alessandra Manfredi. 
260 |a Modena :  |b Logos,  |c 2018 
300 |a 1 volume (senza paginazione) :  |b in gran parte ill. ;  |c 19 cm 
500 |a Traduzione di Mirta Cimmino 
500 |a Volume ad alta leggibilità 
700 1 |a Cimmino, Mirta  |0 IT\ICCU\CAGV\748039  |4 trl 
700 1 |a Manfredi, Alessandra  |0 IT\ICCU\VIAV\148023 
830 3 |a La biblioteca della Ciopi  |0 IT\ICCU\MOD\1681513 
942 |2 ddc  |c BK  |n 0 
952 |0 0  |1 0  |4 0  |6 R_863_700000000000000_POS  |7 0  |9 20168  |a BO  |b BO  |d 2026-01-15  |i 19457  |l 0  |o R 863.7 POS  |p BO19457  |r 2026-01-15 23:21:15  |w 2026-01-15  |x [Sebina 5] [1 v.]  |y BK  |z 1 v. 
999 |c 17199  |d 17199